| 000 | 00800nam a2200265 a 4500 | ||
|---|---|---|---|
| 001 | 63170 | ||
| 003 | BD-RjUL | ||
| 005 | 20211209081151.0 | ||
| 008 | 170128s1969 enk b 000 0 eng | ||
| 020 | _a0582341604 | ||
| 035 | _a(BD-RjUL)63298 | ||
| 040 |
_aDLC _cDLC _dBD-RjUL _beng |
||
| 041 | _aeng | ||
| 082 |
_a820.9004 _223 _bSEV1969 |
||
| 245 | 1 | 0 |
_aSeventeenth-century prose : _ban anthology / _cselected and edited by Brian Vickers. |
| 260 |
_aHarlow : _bLongmans, _c1969. |
||
| 300 |
_a266 p. ; _c21 cm. |
||
| 490 | 1 | _aLongmans' English series | |
| 504 | _aIncludes bibliography | ||
| 650 | 0 |
_aEnglish prose literature _yEarly modern, 1500-1700. _9187983 |
|
| 700 |
_aVickers, Brian. _9187984 |
||
| 830 | 0 |
_aLongmans' English series _9187986 |
|
| 942 |
_2ddc _cBK |
||
| 999 |
_c63170 _d63170 |
||